00529nam a2200169Ia 4500008004100000020001500041041000800056082001600064100001700080245004200097250000600139260003700145300001300182650001500195999001900210952013000229210716s2008 xx 000 0 und d a8180520862 aeng a658.12 BHAR aBhatia, R C. aBusiness organisation and management. a1 aNew DelhibAne Books Indiac2008 axxiv,423 aMANAGEMENT c199321d199321 00102ddc40738MBAaAIMITbAIMITd2005-08-25g895.00l0o658.12 BHARpMBA01886r2025-07-21 00:00:00v716.00w2021-07-16yBK